000 00490cam a2200169ua 4500
020 _a0-07-071345-6
041 _aeng
_h
082 _a526.982
_bWOL/EL
100 _aWolf, Paul R .
245 _aElements of photogrammetry: With air photo laleepretation and remote sensing /
_cPaul R Wolf.
_hTextual Documents
250 _a2 /
_b.
260 _aSingapore :
_bMcGraw-Hill International Book Company ,
_c1986.
300 _a628 ; .
504 _a
942 _cBK
999 _c10761
_d10761